000 00393nam a2200145Ia 4500
008 220530s9999 xx 000 0 und d
041 _aeng
082 _a301
_bSHA
100 _aShabbir Sheikh
_955001
245 _aA New Look Into Social Science
260 _aNew Delhi
_b S Chand Publisher
_c2011
300 _a179
_bPB
700 _a Dwadashiwar Jaya Sheikh A.M
_955002
906 _a25
_bALIED
999 _c50192
_d50192